Normal view
MARC view
Entry Personal Name
001 - CONTROL NUMBER
- control field: 53713
003 - CONTROL NUMBER IDENTIFIER
- control field: dpl
005 - DATE AND TIME OF LATEST TRANSACTION
- control field: 20121123104502.0
008 - FIXED-LENGTH DATA ELEMENTS
- fixed length control field: 121123|||a|||||| | ||| d
040 ## - CATALOGING SOURCE
- Original cataloging agency: dpl
- Transcribing agency: dpl
100 ## - HEADING--PERSONAL NAME
- Personal name: Mukherji, Shoma
670 ## - SOURCE DATA FOUND
- Source citation: Work cat.: (dpl): Jain, Neera 25186, Effective business communication /, 2012
670 ## - SOURCE DATA FOUND
- Source citation: Work cat.: (dpl): Jain, Neera 25186, Effective business communication /, 2012
